1679 1063 1366 1681 1197 1763 1890 1912 1522 1378 1585 1543 1508 1949 1971 1394 1635 1984 1729 1778 1826 1420 1848 1575 1277 1142 1466 1490 1077 1647 1307 1698 1499 1943 1346 1154 1260 1887 1905 1479 1415 1044 1307 1856 1973 1432 1544 1221 1811 1270 1884 1328 1998 1253 1677 1084 1354 1973 1664 1045 1331 1916 1607 1917 1300 1575 1612 1327 1118 1512 1312 1886 1727 1327 1687 1026 1849 1893 1078 1875 1997 1561 1352 1218 1469 1264 1327 1447 1007 1444 1146 1712 1412 1451 1414 1868 1775 1019 1317 BCNSPRNW ULIB Ver.6.0+V

เปลี่ยนเป็นภาษาไทย

Change to English
 แสดงรายละเอียดบรรณานุกรม
  กลับหน้าหลัก

Brief Record : Get Marc (ISO 2709) : E-mail record : QR code < ปิดหน้าต่าง
LEADER : 00000nam 2200000uu 4500
001    13399126874
003     ULIB
008    190821s2562||||th 000 0 tha d
020    ^a9789740338352
060    ^aWX167^bจ258ก
100    ^aจันทร์ฉาย มณีวงษ์
245    ^aการพยาบาลด้านการป้องกันและควบคุมการแพร่กระจายเชื้อในโรงพยาบาล
250    ^aพิมพ์ครั้งที่ 1
260    ^aกรุงเทพฯ :^bแห่งจุฬาลงกรณ์มหาวิทยาลัย,^c2562
300    ^a132 หน้า^bภาพประกอบ, ตาราง
650    ^aการติดเชื้อในโรงพยาบาล^xการป้องกัน
650    ^aโรคติดเชื้อในโรงพยาบาล^xการป้องกัน
945    ^p160^l0^i005611
945    ^p160^l0^i005610
945    ^p160^l0^i005609
945    ^p160^l0^i005607
945    ^p160^l0^i005608
999    ^aประนอม เกษจรัล
รายการนี้ยังไม่มีแท็ก
คุณยังไม่ได้ล็อกอิน คุณสามารถมีกิจกรรมร่วมกับเว็บไซต์ได้ แต่ต้องล็อกอินก่อน ::
  ล็อกอิน

รายการสื่อสารสนเทศ

ลำดับที่ ประเภท เลขเรียก/บาร์โค้ด สถานที่ สถานะ
1. วิทยาศาสตร์การแพทย์ และสุขภาพ
หนังสือสำรอง
สถานะ=หนังสือสำรอง
WX167 จ258ก ฉ.1 
  Barcode: 005607
ห้องสมุดวิทยาเขตสวรรค์ประชารักษ์
►หนังสือทั่วไป
บนชั้น
2. วิทยาศาสตร์การแพทย์ และสุขภาพ
วิทยาศาสตร์การแพทย์ และสุขภาพ
WX167 จ258ก ฉ.2 
  Barcode: 005608
ห้องสมุดวิทยาเขตสวรรค์ประชารักษ์
►หนังสือทั่วไป
บนชั้น
3. วิทยาศาสตร์การแพทย์ และสุขภาพ
วิทยาศาสตร์การแพทย์ และสุขภาพ
WX167 จ258ก ฉ.3 
  Barcode: 005609
ห้องสมุดวิทยาเขตสวรรค์ประชารักษ์
►หนังสือทั่วไป
บนชั้น
4. วิทยาศาสตร์การแพทย์ และสุขภาพ
วิทยาศาสตร์การแพทย์ และสุขภาพ
WX167 จ258ก ฉ.4 
  Barcode: 005610
ห้องสมุดวิทยาเขตสวรรค์ประชารักษ์
►หนังสือทั่วไป
บนชั้น
5. วิทยาศาสตร์การแพทย์ และสุขภาพ
วิทยาศาสตร์การแพทย์ และสุขภาพ
WX167 จ258ก ฉ.5 
  Barcode: 005611
ห้องสมุดวิทยาเขตสวรรค์ประชารักษ์
►หนังสือทั่วไป
บนชั้น

รายการใกล้เคียง
    ชื่อเรื่อง [การพยาบาลด้านการป้องกันและควบคุมการแพร่กระจายเชื้อในโรงพยาบาล]

    ผู้แต่ง [จันทร์ฉาย มณีวงษ์]

BibComment


ยังไม่เคยถูกคอมเมนท์

คอมเมนท์ทรัพยากรรายการนี้
  คอมเมนท์: การพยาบาลด้านการ..


 Copyright 2026. Bcnsprnw @Library